The expanse. Season one /

A thriller set two hundred years in the future, after mankind has colonized the solar system. A hardened detective and a rogue ship's captain come together for what starts as the case of a missing young woman and evolves into a race across the solar system to expose the greatest conspiracy in h...

Full description

Bibliographic Details
Uniform Title:Expanse (Television program).
Corporate Author: Alcon Entertainment (Firm)
Other Authors: Jane, Thomas (Actor), Strait, Steven, 1986- (Actor), Anvar, Cas (Actor), Tipper, Dominique (Actor), Chatham, Wes (Actor), Aghdashloo, Shohreh, 1952- (Actor), Abraham, Daniel (Producer), Franck, Ty (Producer), Cook, Ben (Producer), Nowak, Dan (Producer), Raynor, Lynn (Producer)
Format: Video DVD
Language:English
Language Notes:In English with English subtitles for the deaf and hard of hearing.
Published: Universal City, CA : Universal Studios Home Entertainment, [2016]
Subjects:

MARC

Tag First Indicator Second Indicator Subfields
LEADER 00000cgm a2200000Ii 4500
001 in00003717153
005 20170927100303.0
007 vd cvaizq
008 160223s2016 cau427 vleng d
024 1 0 |a 025192342714 
024 1 |a 025192343155 
028 4 2 |a 61176861  |b Universal Studios Home Entertainment 
028 4 2 |a 576056  |b Universal Studios Home Entertainment  |q (disc 1) 
028 4 2 |a 576057  |b Universal Studios Home Entertainment  |q (disc 2) 
028 4 2 |a 576058  |b Universal Studios Home Entertainment  |q (disc 3) 
028 4 2 |a 2054369  |b Universal Studios Home Entertainment  |q (disc 1) 
028 4 2 |a 2054368  |b Universal Studios Home Entertainment  |q (disc 2) 
028 4 2 |a 2054367  |b Universal Studios Home Entertainment  |q (disc 3) 
033 0 1 |a 20151214  |a 20160202  |b 3700 
035 |a (OCoLC)ocn940586952 
035 |a (OCoLC)940586952 
037 |b Midwest Tape  |n http://www.midwesttapes.com 
040 |a TEFMT  |b eng  |e rda  |c TEFMT  |d TEF  |d TEFMT  |d OCLCF  |d IK2  |d OU9  |d OJ4  |d RB0  |d GK8  |d XOL  |d OCL  |d UtOrBLW 
041 0 |a eng  |j eng  |h eng 
049 |a TXAM 
050 4 |a PN1992.77  |b .E97 2016 
082 0 4 |a 791.45/75  |2 23 
090 |a PN1992.77.E97  |b E96 2016 
130 0 |a Expanse (Television program).  |n Season 1. 
245 1 4 |a The expanse.  |n Season one /  |c Alcon Entertainment ; producers, Daniel Abraham & Ty Franck, Ben Cook, Dan Nowak, Lynn Raynor. 
246 3 |a Expanse.  |n Season 1 
257 |a United States  |2 naf 
264 1 |a Universal City, CA :  |b Universal Studios Home Entertainment,  |c [2016] 
300 |a 3 videodiscs (approximately 427 min.) :  |b sound, color ;  |c 4 3/4 in. 
336 |a two-dimensional moving image  |b tdi  |2 rdacontent 
337 |a video  |b v  |2 rdamedia 
338 |a videodisc  |b vd  |2 rdacarrier 
344 |a digital  |b optical  |g surround  |h Dolby digital 5.1  |2 rda 
346 |a DVD  |b NTSC  |2 rda 
347 |a video file  |b DVD video  |e region 1  |2 rda 
380 |a Television program. 
538 |a DVD; region 1; NTSC; widescreen (1.78:1); Dolby digital 5.1 surround. 
546 |a In English with English subtitles for the deaf and hard of hearing. 
511 1 |a Thomas Jane, Steven Strait, Cas Anvar, Dominique Tipper, Wes Chatham, Shohreh Aghdashloo. 
518 |a Originally broadcast by SyFy Dec. 14, 2015-Feb. 2, 2016. 
520 |a A thriller set two hundred years in the future, after mankind has colonized the solar system. A hardened detective and a rogue ship's captain come together for what starts as the case of a missing young woman and evolves into a race across the solar system to expose the greatest conspiracy in human history. 
500 |a Special features: Trailer; deleted scenes. 
505 0 |a Dulcinea -- The big empty -- Remember the cant -- CQB -- Back to the butcher -- Rock bottom -- Windmills -- Salvage -- Critical mass -- Leviathan wakes. 
650 0 |a Interplanetary voyages  |v Drama. 
650 0 |a Missing persons  |v Drama. 
650 7 |a Interplanetary voyages.  |2 fast  |0 (OCoLC)fst00977455 
650 7 |a Missing persons.  |2 fast  |0 (OCoLC)fst01023702 
655 7 |a Thrillers (Television programs)  |2 lcgft  |0 http://id.loc.gov/authorities/genreForms/gf2011026694 
655 7 |a Science fiction television programs.  |2 lcgft  |0 http://id.loc.gov/authorities/genreForms/gf2011026558 
655 7 |a Fiction television programs.  |2 lcgft  |0 http://id.loc.gov/authorities/genreForms/gf2011026252 
655 7 |a Television series.  |2 lcgft  |0 http://id.loc.gov/authorities/genreForms/gf2011026680 
655 7 |a Video recordings for the hearing impaired.  |2 lcgft  |0 http://id.loc.gov/authorities/genreForms/gf2011026725 
655 7 |a Drama.  |2 fast  |0 (OCoLC)fst01423879 
655 7 |a Fiction television programs.  |2 fast  |0 (OCoLC)fst01710265 
655 7 |a Science fiction television programs.  |2 fast  |0 (OCoLC)fst01710394 
655 7 |a Television series.  |2 fast  |0 (OCoLC)fst01710566 
655 7 |a Thrillers (Television programs)  |2 fast  |0 (OCoLC)fst01726194 
655 7 |a Video recordings for the hearing impaired.  |2 fast  |0 (OCoLC)fst01710450 
700 1 |a Jane, Thomas,  |e actor.  |0 http://id.loc.gov/authorities/names/no99060849 
700 1 |a Strait, Steven,  |d 1986-  |e actor.  |0 http://id.loc.gov/authorities/names/n2007080535 
700 1 |a Anvar, Cas,  |e actor.  |0 http://id.loc.gov/authorities/names/no2012022483 
700 1 |a Tipper, Dominique,  |e actor.  |0 http://id.loc.gov/authorities/names/no2016057642 
700 1 |a Chatham, Wes,  |e actor.  |0 http://id.loc.gov/authorities/names/no2011106800 
700 1 |a Aghdashloo, Shohreh,  |d 1952-  |e actor.  |0 http://id.loc.gov/authorities/names/no2005031500 
700 1 |a Abraham, Daniel,  |e producer.  |0 http://id.loc.gov/authorities/names/n2005042820 
700 1 |a Franck, Ty,  |e producer.  |0 http://id.loc.gov/authorities/names/no2011166815 
700 1 |a Cook, Ben,  |e producer. 
700 1 |a Nowak, Dan,  |e producer.  |0 http://id.loc.gov/authorities/names/no2009037460 
700 1 |a Raynor, Lynn,  |e producer.  |0 http://id.loc.gov/authorities/names/no99089466 
710 2 |a Alcon Entertainment (Firm)  |0 http://id.loc.gov/authorities/names/no2003036113 
710 2 |a Universal Studios Home Entertainment (Firm),  |e publisher.  |0 http://id.loc.gov/authorities/names/no2006015955 
994 |a C0  |b TXA 
948 |a cataloged  |b h  |c 2016/8/10  |d c  |e blrosas  |f 10:43:10 am 
999 f f |s ab57d605-4e14-3501-a284-0b6d0ba03750  |i e6645a6a-801a-3b6a-aa0b-61c345ec272c  |t 0 
952 f f |p dvd  |a Texas A&M University  |b College Station  |c Sterling C. Evans Library  |s Evans Media and Reserves  |d Evans: Media and Reserves (Annex 1st floor)  |t 0  |e PN1992.77.E97 E96 2016  |h Library of Congress classification  |i video -- videodisc  |m A14843640302 
998 f f |a PN1992.77.E97 E96 2016  |t 0  |l Evans: Media and Reserves (Annex 1st floor)